|
|
|
|
| LEADER |
00000cam a2200000 a 4500 |
| 001 |
1/121869 |
| 008 |
200730s2019####gr ||||||| |||| ||gre|| |
| 020 |
|
|
|a 9789604356805
|
| 040 |
|
|
|a GR-MyUa
|b gre
|c GR-MyUa
|e AACR2
|
| 041 |
1 |
|
|a gre
|
| 082 |
7 |
|
|a 940.5318
|2 (23)
|
| 100 |
1 |
|
|a Friedlander, Saul
|d 1932-
|
| 245 |
1 |
0 |
|a Σκέψεις για τον ναζισμό :
|b συνομιλίες με τον Στεφάν Μπου /
|c Saul Friedlander ; μετάφραση Γιώργος Καράμπελας.
|
| 260 |
|
|
|a Αθήνα:
|b Πόλις,
|c 2019.
|
| 300 |
|
|
|a 275 σ. ;
|c 21 εκ.
|
| 500 |
|
|
|a Τίτλος πρωτοτύπου: Reflexions sur le nazisme: entretiens avec Stephane Bou.
|
| 600 |
1 |
0 |
|a Friedlander, Saul,
|d 1932-
|v Interviews.
|
| 650 |
|
0 |
|a National socialism.
|
| 650 |
|
0 |
|a Holocaust, Jewish (1939-1945)
|
| 700 |
1 |
|
|a Καράμπελας, Γιώργος,
|e trl
|
| 852 |
|
|
|a INST
|b LESVOS
|e 20200730
|h 940.5318 FRI
|p 005100062242
|q 005100062242
|t BK
|y 0
|
| 920 |
|
|
|a ΠΜΣ ''Κρίση και Ιστορική Αλλαγή''
|y Λέσβος
|z 2019-12
|
| 970 |
|
|
|a Δημάκη
|b Μαρία
|z 30-07-2020
|